| 000 | 00390nam a22001457a 4500 | ||
|---|---|---|---|
| 008 | 230227b |||||||| |||| 00| 0 eng d | ||
| 020 | _a978-0-241-62124-0 | ||
| 082 | _a973.93 | ||
| 100 | _aMichelle Obama | ||
| 245 |
_aThe Light We Carry: _bOvercoming in Uncertain Times |
||
| 260 |
_bViking, _c2022 |
||
| 300 |
_a318 p. _c24.2 cm |
||
| 942 | _2ddc | ||
| 999 |
_c9339 _d9340 |
||